| 000 | 01454nam a2200373 c 4500 | ||
|---|---|---|---|
| 001 | 57617 | ||
| 003 | CO-BoRNBP | ||
| 005 | 20250714173733.0 | ||
| 007 | ta | ||
| 008 | 210722r20162022ck a b 000 jdspa | ||
| 020 | _a9789588954097 | ||
| 040 |
_aCO-BoRNBP _bspa _erda _cCO-BoRNBP |
||
| 041 | 0 | _aspa | |
| 084 | _aC | ||
| 100 | 1 |
_aUngar, Antonio, _d1974- _eaut _939067 |
|
| 245 | 1 | 0 |
_aCorazón de león / _cAntonio Ungar ; ilustrado por Santiago Guevara. |
| 250 |
_aPrimera edición _bPrimera reimpresión, Segundo reimpresión, Tercera reimpresión |
||
| 264 | 1 |
_aBogotá, Colombia : _bBabel libros, _c2024 |
|
| 300 |
_a42 páginas, 6 páginas sin numerar : _bilustraciones a color |
||
| 336 |
_atexto _btxt _2rdacontent |
||
| 337 |
_asin mediación _bn _2rdamedia |
||
| 338 |
_avolumen _bnc _2rdacarrier |
||
| 490 | 0 | _aFrontera ilustrada | |
| 500 | _aEl material correspondiente a la dotación PNLB 2022, corresponde a la segunda reimpresión de 2022 | ||
| 521 | _aRecomendado para un público infantil mayor de 6 años | ||
| 545 | _aIncluye datos biográficos del autor e ilustrador al inicio del texto | ||
| 650 | 0 | 7 |
_aCuentos infantiles colombianos _ysiglo xx _2lemb _92372 |
| 650 | 0 | 7 |
_aFantasía _vcuentos _2lemb _91498 |
| 650 | 0 | 7 |
_aLiteratura infantil colombiana _ysiglo xx _2lemb _9364 |
| 650 | 0 | 7 |
_aNiños _vcuentos _2lemb _92576 |
| 650 | 0 | 7 |
_aValentía _vcuentos _2lemb _9826 |
| 700 |
_aGuevara, Santiago _eill _961137 |
||
| 942 |
_2loc _cBKINF |
||
| 999 |
_c57617 _d57617 |
||